Applied regression : an introduction /

Bibliographic Details
Main Author: Lewis-Beck, Michael S.
Format: Book
Language:English
Published: Beverly Hills, Calif. : Sage Publications, [1980]
Series:Quantitative applications in the social sciences ; no. 22.
Subjects:

MARC

Tag First Indicator Second Indicator Subfields
LEADER 00000cam a2200000 a 4500
001 in00000083105
005 20151008055600.0
008 810421s1980 caua b 00010 eng
010 |a  80005821  
020 |a 0803914946 (pbk.) 
035 |a (OCoLC)06699609 
035 |9 AAJ3842AM 
040 |a DLC  |c DLC  |d MET  |d TXA  |d UtOrBLW 
049 |a TXAM  |c [1361857] 
050 0 0 |a HA31.3  |b .L48 
082 0 |a 519.5/36  |2 19 
090 |a HA29  |b .Q2 no.22 
096 |a HA 31 L677a 1980 
100 1 |a Lewis-Beck, Michael S. 
245 1 0 |a Applied regression :  |b an introduction /  |c Michael S. Lewis-Beck. 
264 1 |a Beverly Hills, Calif. :  |b Sage Publications,  |c [1980] 
264 4 |c ©1980 
300 |a 79 pages :  |b illustrations ;  |c 22 cm. 
336 |a text  |b txt  |2 rdacontent 
337 |a unmediated  |b n  |2 rdamedia 
338 |a volume  |b nc  |2 rdacarrier 
490 1 |a Sage university papers series. Quantitative applications in the social sciences ;  |v no. 22 
504 |a Bibliography: page 77. 
500 |a "A Sage University paper" 
650 0 |a Regression analysis. 
650 2 |a Statistics. 
650 2 |a Analysis of Variance. 
830 0 |a Quantitative applications in the social sciences ;  |v no. 22. 
999 |a MARS 
999 f f |s 8b417b01-b783-36b4-a3f2-ce68cffb2938  |i 233fb126-973e-3c3f-9466-dd7cbe38f61f  |t 0 
952 f f |p normal  |a Texas A&M University  |b College Station  |c Sterling C. Evans Library  |s Evans stk  |d Evans: Library Stacks  |t 0  |e HA29 .Q2 no.21-25  |h Library of Congress classification  |i unmediated -- volume  |m A14826352066 
952 f f |a Texas A&M University  |b College Station  |c Sterling C. Evans Library  |s Evans stk  |d Evans: Library Stacks  |t 0  |e HA29 .Q2 no.21-25  |h Library of Congress classification 
998 f f |a HA29 .Q2 no.21-25  |t 0  |l Evans: Library Stacks